school for good and evil - Statistics

General Stats
  • This quiz has been taken 88 times
  • The average score is 12 of 15
Answer Stats
Hint Answer % Correct
Hester's best friends? Anadil and Dot
95%
Whose tale is the Sheriff of Nottingham the villain in? Robin Hood
95%
What is Dot's special talent? Turning things to chocolate
93%
Which student dies in avalon on his quest? Chaddick
88%
The leader of the coven? Hester
88%
Who does Robin Hood marry and name a pub after? Maid Marian
88%
Is Dot's father? The Sheriff of Nottigham
88%
When Guinevere disappears with Lancelot after leaving Arthur what magical city does she go to? Avalon
86%
In the second trilogy what large thing does dot turn to chocolate? A wall
84%
When they discover that Chaddick was heir to the throne who was his mother? Lady Gremlaine
82%
What place is hidden in Merlin's cloak? The Celestium
82%
When in the celestium who dies trying to save her son? Guinevere
75%
The group of three witches? The Coven
67%
When the coven climbs a of wall of chocolate who are they attempting to save? Merlin
61%
Who was Maid Marians daughter? Dot
49%
No matching quizzes found
Score Distribution
Percent of People with Each Score
Percentile by Number Answered
Your Score History
You have not taken this quiz